000 nam a22 a 4500
999 _c2036
_d2036
003 AKMAL
005 20170515092840.0
008 170515s1992 my 00 eng d
040 _aAKMAL
082 _a354.595 AHM
090 _a354.595
_bAHM
110 1 _aMalaysia.
_bKetua Setiausaha Negara
_9551
245 1 0 _aImprovements and development in the public service 1991
260 _a[Kuala Lumpur :
_bNational Printing Department,
_c1992]
300 _ax, 295p. :
_bill. ;
_c24cm
500 _aAlso published in Malay
650 _aAdministrative agencies
_xManagement
_zMalaysia
_94209
650 _aCivil service
_zMalaysia
_9420
650 _aPublic administrations
_zMalaysia
_9421
651 _aMalaysia
_xPolitics and government
_944
700 0 _aAhmad Sarji Abdul Hamid,
_cTan Sri Dato' Seri,
_d1938-
_9508
710 1 _aMalaysia
_9400
942 _2ddc
_cBOOK